000 00997nam a22002297a 4500
005 20140305114618.0
008 140305b2011 ck ||||| ||||a00| 0 spa d
022 _a22561854
041 _aspa
044 _ack
082 _a338.986
_bR59r
110 1 _aaColombia
_bDepartamento Nacional de Planeación
_915720
245 1 0 _aRisaralda futuro posible :
_bconstrucción social visión 2032 /
_cDepartamento Nacional de Planeación
260 _aBogotá
_bDepartamento Nacional de Planeación
_bGobernación de de Risaralda
_c2011
300 _a243 p.
_bil., mapas
_c27 cm.
490 0 _aVisión de desarrollo territorial departamental
_v8
650 4 _aDesarrollo económico
_y2000-2009
_zRisaralda (Colombia)
_915721
650 4 _aPlanificación regional
_y2000-2009
_zRisaralda (Colombia)
_915722
650 4 _aConservación de los recursos naturales
_y2000-2009
_zRisaralda (Colombia)
_915723
651 4 _aRisaralda (Colombia)
_xCondiciones socioeconómicas
_y2000-2009
_915724
942 _2ddc
_cImpreso
999 _c8230
_d8230